000 00376cam a2200157ua 4500
001 4022
008 131211n II |||gr||||Z||||||eng
040 _aMAIN
041 _aEnglish
082 _a523.01 NAR
100 _aNARLIKA, JAYANT. V.
245 _aTHE FRONTIER BETWEEN PHYSICS AND ASTRONOMY
260 _a[s.l]:
_bSCHOUMS,
_c1989.
300 _a110:
_c20CM.
942 _cBK
999 _c4009
_d4009